| 000 | 00524nam a22001937a 4500 | ||
|---|---|---|---|
| 003 | CEME | ||
| 005 | 20210628205501.0 | ||
| 008 | 210305b xxu||||| |||| 00| 0 eng d | ||
| 020 | _a0-471-63433-6 | ||
| 040 | _c. | ||
| 082 | _a519.72 THI'I | ||
| 100 |
_aThie, Paul R _975755 |
||
| 245 | _aAn introduction to linear programming and game theory instructor's manual | ||
| 250 | _a2ND | ||
| 260 |
_aNEWYORK _bJOHN WILEY _c1988 |
||
| 300 | _a209P | ||
| 650 |
_aLINEAR PROGRAMMING AND GAME THEORY _975756 |
||
| 942 |
_cBK _2ddc |
||
| 999 |
_c581147 _d581147 |
||